00377pab a2200133 454500008004000000100001900040245008000059260000900139300001500148362001200163650003100175650001100206773002600217180718b2005 xxu||||| |||| 00| 0 eng d aNikhlesh Kumar aIdentity politics in the hill tribal communities in the North-Eastern India c2005 ap.195-217. aMay-Aug aTribes - India, North East aTribes aSociological Bulletin